000
00305nam a2200109Ia 4500
008
171211s9999 xx 000 0 und d
245
_a
Risk Management of Less Lethal Options
245
_c
R.T. Wyant
260
_c
2014
650
_x
Martial Arts
856
_u
http://down.ebook777.com/056/9781466563032.pdf
999
_c
348222
_d
348222